Central Library OPAC University of Rajshahi

Federal Court practice & procedure. / (Record no. 46771)

MARC details
000 -LEADER
fixed length control field 00693nam a2200241 a 4500
001 - CONTROL NUMBER
control field 46771
003 - CONTROL NUMBER IDENTIFIER
rucl marc code BD-RjUL
005 - DATE AND TIME OF LATEST TRANSACTION
control field 20211209054213.0
008 - FIXED-LENGTH DATA ELEMENTS--GENERAL INFORMATION
fixed length control field 160804s1954 pk 000 0 eng
035 ## - SYSTEM CONTROL NUMBER
System control number (BD-RjUL)46890
040 ## - CATALOGING SOURCE
Original cataloging agency DLC
Transcribing agency DLC
Modifying agency DLC
-- BD-RjUL
Language of cataloging eng
041 ## - LANGUAGE CODE
Language code of text/sound track or separate title eng
082 ## - DEWEY DECIMAL CLASSIFICATION NUMBER
Edition number 23
Classification number 347.9
Author mark and year SIF 1954
100 1# - MAIN ENTRY--PERSONAL NAME
Personal name Siddiq, Muhammad.
9 (RLIN) 142517
245 00 - TITLE STATEMENT
Title Federal Court practice & procedure. /
Statement of responsibility, etc. Muhammad Siddiq
250 ## - EDITION STATEMENT
Edition statement 1st ed.
260 ## - PUBLICATION, DISTRIBUTION, ETC. (IMPRINT)
Place of publication, distribution, etc. Karachi :
Name of publisher, distributor, etc. Pakistan Law House,
Date of publication, distribution, etc. 1954.
300 ## - PHYSICAL DESCRIPTION
Pagination [8], 500 p. ;
Size 24 cm.
650 ## - SUBJECT ADDED ENTRY--TOPICAL TERM
Topical term or geographic name as entry element Jurisdiction
Geographic subdivision Pakistan.
9 (RLIN) 142518
Topical term or geographic name as entry element Court rules
Geographic subdivision Pakistan.
9 (RLIN) 142519
942 ## - ADDED ENTRY ELEMENTS (KOHA)
Source of classification or shelving scheme Dewey Decimal Classification
Koha item type Books
Holdings
Lost status Source of classification or shelving scheme Damaged status Not for loan Collection code Permanent Location Current Location Shelving location Date acquired Source of acquisition Cost, normal purchase price Total Checkouts Full call number Date last seen Copy number Koha item type
  Dewey Decimal Classification     Non-fiction Central Library, University of Rajshahi Central Library, University of Rajshahi   30/11/1955 Pak. literature product 20.00   347.9 SIF 1954 04/08/2016 C-2 Books